[Event "47th GER-ch Blitz 2020"]
[Site "Magdeburg"]
[Date "2020.08.15"]
[Round "16.4"]
[White "Muranyi, Karl-Jasmin"]
[Black "Hess, Max"]
[Result "1-0"]
[WhiteElo "2331"]
[BlackElo "2378"]
[Annotator "RC"]
[PlyCount "69"]
[EventDate "2020.07.28"]
[EventType "tourn"]
[EventCountry "GER"]
[SourceTitle "playchess.com"]
[Source "ChessBase"]
[SourceQuality "1"]
[TimeControl "180+2"]

1. d4 {[%emt 0:00:00]} Nf6 {[%emt 0:00:00]} 2. c3 {[%emt 0:00:00]} g6 {[%emt 0:00:01]} 3. Bf4 {[%emt 0:00:01]} Bg7 {[%emt 0:00:01]} 4. h3 {[%emt 0:00:01]} O-O {[%emt 0:00:02]} 5. Nf3 d6 6. Nbd2 {[%emt 0:00:05]} c5 {[%emt 0:00:03]} 7. e3 {[%emt 0:00:00]} b6 {[%emt 0:00:02]} 8. Be2 {[%emt 0:00:02]} Bb7 {[%emt 0:00:00]} 9. O-O {[%emt 0:00:02]} Nbd7 {[%emt 0:00:01]} 10. Bh2 {[%emt 0:00:01]} Rc8 {[%emt 0:00:08]} 11. a4 {[%emt 0:00:02]} a6 {[%emt 0:00:01]} 12. Bd3 {[%emt 0:00:08]} Rc7 {[%emt 0:00:16]} 13. Qe2 {[%emt 0:00:02]} Qa8 {[%emt 0:00:01]} 14. e4 {[%emt 0:00:10]} cxd4 {[%emt 0:00:07]} 15. cxd4 {[%emt 0:00:01]} Ne8 {[%emt 0:00:55]} 16. e5 {[%emt 0:00:09]} dxe5 {[%emt 0:00:11]} 17. dxe5 {[%emt 0:00:10]} e6 {[%emt 0:00:06]} 18. Rfc1 {[%emt 0:00:14]} Nc5 {[%emt 0:00:03]} 19. b4 {[%emt 0:00:14]} Nxd3 {[%emt 0:00:02]} 20. Qxd3 {[%emt 0:00:01]} Qc8 {[%emt 0:00:15]} 21. Rxc7 {[%emt 0:00:19]} Nxc7 {[%emt 0:00:01]} 22. Ne4 {[%emt 0:00:06]} Nd5 {[%emt 0:00:05]} 23. Nd6 {[%emt 0:00:05]} Qc6 {[%emt 0:00:02]} 24. b5 {[%emt 0:00:06]} axb5 {[%emt 0:00:04]} 25. axb5 {[%emt 0:00:01]} Qd7 {[%emt 0:00:09]} 26. Ra7 {[%emt 0:00:07]} Ra8 {[%emt 0:00:02]} 27. Qa3 {[%emt 0:00:12]} Rxa7 {[%emt 0:00:28]} 28. Qxa7 {[%emt 0:00:02]} Qc7 {[%emt 0:00:01]} 29. Bg3 {[%emt 0:00:10]} Qc1+ {[%emt 0:00:27]} 30. Kh2 {[%emt 0:00:01]} Bc8 {[%emt 0:00:02]} 31. Qb8 {[%emt 0:00:08]} Ne7 {[%emt 0:00:08]} 32. Qxb6 {[%emt 0:00:07]} Bf8 {[%emt 0:00:10]} 33. Qd8 {[%emt 0:00:07]} Qc5 {[%emt 0:00:09]} 34. Qe8 {[%emt 0:00:06]} Kg7 {[%emt 0:00:01]} 35. Qxf7+ {[%emt 0:00:02]} 1-0

[Event "47th GER-ch Blitz 2020"]
[Site "Magdeburg"]
[Date "2020.08.15"]
[Round "16.5"]
[White "Braeuning, Rudolf Wilhelm"]
[Black "Siebarth, Raiko"]
[Result "0-1"]
[WhiteElo "2244"]
[BlackElo "2333"]
[Annotator "TA"]
[PlyCount "60"]
[EventDate "2020.07.28"]
[EventType "tourn"]
[EventCountry "GER"]
[SourceTitle "playchess.com"]
[Source "ChessBase"]
[SourceQuality "1"]

{[%evp 18,59,0,-5,-5,-1,137,-93,-93,-110,-95,-106,-97,-151,-146,-177,-191,-402,-401,-393,-391,-514,-370,-545,-337,-336,-322,-477,-475,-576,-553,-653,-607,-714,-483,-469,-464,-1143,-1130,-2139,-2254,-29976,-29977,-29999]} 1. e4 c5 2. c3 Nf6 3. e5 Nd5 4. d4 cxd4 5. Nf3 e6 6. cxd4 b6 7. Nc3 Nxc3 8. bxc3 Qc7 9. Bd2 Bb7 10. Bd3 d6 {B22: Sicilian: 2 c3.} 11. O-O Nc6 {[#]} (11... Nd7 $11 {remains equal.}) 12. Ng5 $146 (12. d5 $1 $16 {is necessary to keep the advantage.}) ({Predecessor:} 12. Re1 dxe5 13. Nxe5 Nxe5 14. Rxe5 Bd6 15. Rh5 g6 16. Bb5+ Ke7 17. Qg4 gxh5 18. Qg5+ Kf8 19. Qh6+ {½-½ (19) Blauert,J (2395)-Czebe,A (2475) Budapest 1998}) 12... dxe5 $17 {Black is better.} 13. Qh5 g6 14. Qh3 O-O-O 15. Qf3 ({White should play} 15. Nf3) 15... Rd7 ({Inferior is} 15... exd4 16. Qxf7 Be7 17. Qxe6+ (17. Nxe6 Ne5 $15 {[%mdl 64] Double Attack}) 17... Rd7 18. Bb5 $11) 16. Qf6 Rg8 {And now ...Bg7 would win.} 17. Nxh7 $2 (17. Nf3) 17... Bg7 $19 18. Qg5 exd4 19. cxd4 Bxd4 20. Rac1 (20. Rae1 {was necessary.} Rh8 21. Bf4) 20... Rh8 21. Bf4 e5 22. Bg3 (22. Nf6 $142 exf4 23. Nxd7) 22... Rxh7 23. Be4 Kb8 24. Kh1 Ka8 25. f4 f5 26. fxe5 Bxe5 {[#]} ({Don't play} 26... fxe4 27. e6 $19) 27. Bxe5 (27. Rxc6 $142 $1 {[%mdl 512]} Bxc6 28. Bxe5) 27... Qxe5 {[%csl Gh7][%cal Re5h2][%mdl 64] Double Attack} 28. h3 Qxe4 29. Kg1 Nd4 30. Qf6 Qxg2# {Accuracy: White = 23%, Black = 68%.} 0-1

[Event "47th GER-ch Blitz 2020"]
[Site "Magdeburg"]
[Date "2020.08.15"]
[Round "16.6"]
[White "Bluebaum, Matthias"]
[Black "Schneider, Ilja"]
[Result "1-0"]
[WhiteElo "2647"]
[BlackElo "2479"]
[Annotator "TA"]
[PlyCount "51"]
[EventDate "2020.07.28"]
[EventType "tourn"]
[EventCountry "GER"]
[SourceTitle "playchess.com"]
[Source "ChessBase"]
[SourceQuality "1"]

{[%evp 11,51,23,39,13,22,20,30,20,13,-55,-51,-75,18,27,31,8,16,7,11,-42,28,29,27,-30,-10,-13,0,0,0,0,0,0,0,0,6,2,2,5,58,54,29997,29998]} 1. d4 d5 2. c4 c6 3. Nc3 Nf6 4. e3 a6 5. Nf3 b5 6. b3 Bg4 7. a4 {[%cal Ra4b5] D15: Slav Defence: 4 Nc3 a6 and gambit lines after 4 Nc3 dxc4.} bxc4 {seems to push 7...b4 aside.} 8. bxc4 Nbd7 {[#]} (8... e6 9. Bd2 Nbd7 10. h3 Bh5 11. c5 Be7 12. a5 O-O 13. Na4 Qc7 14. Nb6 Ra7 15. Be2 {1-0 (35) Bluebaum,M (2511)-Schneider,I (2403) Playchess.com INT 2020}) 9. Bd2 $146 {White has an edge.} ({Predecessor:} 9. Be2 e6 10. O-O Bd6 11. h3 Bh5 12. a5 O-O 13. Ba3 Bxa3 14. Rxa3 dxc4 15. Bxc4 {½-½ (44) Grandelius,N (2691)-McShane,L (2688) Eskilstuna 2019}) 9... e5 10. h3 ({White should try} 10. Be2 $11) 10... Bxf3 $1 $15 11. Qxf3 {[#]} exd4 (11... Bb4 $1 $17 {...Qa5 is the strong threat.} 12. cxd5 cxd5) 12. exd4 $11 Bb4 13. Be2 O-O 14. O-O dxc4 15. Qxc6 {[#]} (15. Ne4 $11 a5 16. Bxb4 (16. Bxc4 $2 Nxe4 17. Bxb4 Ng5 $19) 16... axb4 17. Bxc4) 15... Ne5 (15... Nc5 $1 $15 {[%mdl 512]} 16. Nd5 (16. dxc5 Qxd2) 16... Bxd2 17. Nxf6+ Qxf6 18. Qxf6 gxf6 19. dxc5 c3) 16. dxe5 Qxd2 17. Bf3 (17. Qxc4 $142 Qxc3 18. exf6) 17... Bxc3 18. Rad1 Qa2 19. exf6 Bxf6 20. Rd7 {Strongly threatening Rxf7!} Rad8 21. Rxd8 $1 Rxd8 22. Bd5 Qd2 23. Bxc4 $40 {[%mdl 128] White mounts an attack.} a5 24. Rb1 Qc3 (24... h5 $11) 25. Qc7 $14 Rf8 $2 {[%mdl 8192] [#]} (25... Kh8 $14) 26. Qxf7+ $1 {[%mdl 576] Back Rank. Accuracy: White = 71%, Black = 62%.} 1-0

[Event "47th GER-ch Blitz 2020"]
[Site "Magdeburg"]
[Date "2020.08.15"]
[Round "16.7"]
[White "Weller, Manuel"]
[Black "Svane, Frederik"]
[Result "1-0"]
[WhiteElo "2237"]
[BlackElo "2421"]
[Annotator "TA"]
[PlyCount "57"]
[EventDate "2020.07.28"]
[EventType "tourn"]
[EventCountry "GER"]
[SourceTitle "playchess.com"]
[Source "ChessBase"]
[SourceQuality "1"]

{[%evp 22,57,13,12,107,110,195,195,181,183,260,261,355,346,469,464,518,32,424,435,572,531,556,550,709,480,810,798,743,598,924,914,1187,1178,29966,6591,2259,801]} 1. c4 Nf6 2. g3 e6 3. Bg2 d5 4. Nf3 Be7 5. O-O O-O 6. b3 b6 7. Bb2 Bb7 8. e3 c5 9. Nc3 Nc6 10. cxd5 Nxd5 11. Nxd5 Qxd5 12. d4 {[#] aiming for Ne5.} Bf6 {A14: English Opening: 1...e6 with b3 by White.} (12... Qf5 $11 {keeps the balance.}) 13. Ne5 $1 $16 {[#]} Qxg2+ $146 (13... Qd6 $16) ({Predecessor:} 13... Qd6 14. dxc5 Qxd1 15. Raxd1 Nxe5 16. Bxb7 Rab8 17. c6 Nxc6 18. Bxf6 Rxb7 19. Bb2 h6 20. Rd6 {½-½ (55) Hernandez Machado,P (2017)-Luis Alvarez,E (1966) Pinar del Rio 2019}) 14. Kxg2 $18 Nxe5+ {White is clearly better.} 15. f3 cxd4 (15... Nc6 $142 16. Rc1 cxd4 17. exd4 Rfd8) 16. Bxd4 ({But not} 16. exd4 $6 Nc6 $18) 16... Rfd8 17. Qe2 Rac8 18. Rad1 h6 19. Qb2 $2 (19. Bxe5 $18 Bxe5 20. Rxd8+ Rxd8 21. Rd1) 19... Nd7 $2 {[%mdl 8192]} ({Better is} 19... Ng4 $1 $14 20. Qe2 Bxd4 21. exd4 (21. Rxd4 Rxd4 22. Kh3 Nxe3 $11) 21... Rc2) 20. Bxf6 Nxf6 21. e4 Nd7 22. b4 Nb8 23. Qe5 {Rxd8+ is the strong threat.} Nc6 (23... Nd7 $142 24. Qb2 a6) 24. Rxd8+ Nxd8 25. Qd6 Bc6 26. Rc1 Nb7 27. Qe7 b5 {[#]} 28. Rxc6 $1 {[%mdl 64] Remove Defender, Deflection, Decoy} Rxc6 29. Qe8+ {[%mdl 64] Double Attack. White took control after the opening. Accuracy: White = 70%, Black =  0%.} 1-0

[Event "47th GER-ch Blitz 2020"]
[Site "Magdeburg"]
[Date "2020.08.15"]
[Round "16.8"]
[White "Voege, Tobias"]
[Black "Reichmann, Hendrik"]
[Result "1/2-1/2"]
[WhiteElo "2326"]
[BlackElo "2348"]
[Annotator "TA"]
[PlyCount "62"]
[EventDate "2020.07.28"]
[EventType "tourn"]
[EventCountry "GER"]
[SourceTitle "playchess.com"]
[Source "ChessBase"]
[SourceQuality "1"]

{[%evp 18,62,34,25,145,68,74,71,112,115,137,120,117,112,114,109,108,115,108,103,118,113,118,89,119,102,114,58,145,109,98,66,173,170,182,81,73,81,116,116,191,129,147,129,128,116,115]} 1. d4 g6 2. c4 Bg7 3. Nc3 d6 4. Bg5 h6 5. Bh4 Nc6 6. e3 Nf6 7. Nf3 O-O 8. Be2 Bf5 9. O-O g5 10. Bg3 Nh5 {[#] E61: King's Indian: Early deviations for White, including Smyslov System.} (10... e6 $11) 11. d5 (11. Nxg5 $1 $16 {[%mdl 512]} Nxg3 (11... hxg5 12. Bxh5) 12. fxg3) 11... Nxg3 $14 12. fxg3 Nb8 13. Nxg5 $1 Bg6 {[#]} 14. Nh3 $146 ({Predecessor:} 14. Nf3 e6 15. Nh4 Qg5 16. Qd2 Bh7 17. dxe6 fxe6 18. Rxf8+ Bxf8 19. Bf3 Nc6 20. Be4 Bxe4 21. Nxe4 {0-1 (63) Matyunin,M (2218)-Kornilovich,D (2133) Moscow 2018}) 14... c6 15. Nf4 Qb6 16. Qd2 Nd7 17. Bd3 Bxd3 18. Nxd3 Ne5 19. Nxe5 Bxe5 20. Kh1 e6 21. Rab1 Qb4 22. Qd3 ({White should try} 22. e4 $16) 22... Kg7 ({Better is} 22... b5 $1 $14) 23. Ne2 {Threatens to win with dxe6.} exd5 24. cxd5 {And now Nd4 would win.} cxd5 (24... Qb5 $14 25. Qxb5 cxb5) 25. Qxd5 $18 Rac8 26. Qd3 (26. Nd4 $18 {and White stays clearly on top.}) 26... Qc4 $16 27. Qd1 Qxa2 28. Nd4 Qc4 (28... Bxd4 $16 29. Qxd4+ Kg8) 29. Qg4+ (29. b3 $18 Qc7 30. Ra1) 29... Kh8 30. Qh4 Bg7 31. h3 Rce8 {Accuracy: White = 55%, Black = 49%.} 1/2-1/2

[Event "47th GER-ch Blitz 2020"]
[Site "Magdeburg"]
[Date "2020.08.15"]
[Round "16.9"]
[White "Holtel, Jasper"]
[Black "Svane, Rasmus"]
[Result "0-1"]
[WhiteElo "2305"]
[BlackElo "2613"]
[Annotator "TA"]
[PlyCount "118"]
[EventDate "2020.07.28"]
[EventType "tourn"]
[EventCountry "GER"]
[SourceTitle "playchess.com"]
[Source "ChessBase"]
[SourceQuality "1"]

{[%evp 13,117,0,2,0,0,0,0,4,7,-30,-38,-33,-47,-59,-51,-59,-58,-68,-59,-61,-58,-78,-54,-76,-72,-74,-81,-100,-96,-109,-104,-118,-66,-100,-81,-129,-125,-169,-152,-850,-59,-58,-45,-52,-55,-66,-49,-75,-77,-220,-229,-258,-90,-95,-95,-124,-43,-127,-116,-120,-67,-68,0,0,0,0,0,0,0,0,0,0,29998,-18,0,0,0,0,0,-132,-138,-318,-310,-315,-313,-321,-318,-433,-433,-399,-407,-350,-94,-328,-118,-484,-393,-425,-418,-955,-955,-919,-902,-29998,-29999,-29999]} 1. e4 c6 2. d4 d5 3. exd5 cxd5 4. c4 Nf6 5. Nc3 Nc6 6. Nf3 a6 7. cxd5 Nxd5 8. Bc4 {B13: Caro-Kann: Exchange Variation and Panov-Botvinnik Attack.} Be6 {White must now prevent ...Nxc3. 8...e6 is not played anymore.} 9. Bb3 Na5 {[#]} 10. Bxd5 $146 {The position is equal.} ({Predecessor:} 10. Ng5 Nxc3 11. bxc3 Bd5 12. O-O e6 13. Re1 Nxb3 14. axb3 Be7 15. Qh5 g6 16. Qh6 {1-0 (24) Frolyanov,D (2556)-Riazantsev,A (2645) Skolkovo 2019}) 10... Bxd5 11. Nxd5 (11. O-O {looks sharper.} e6 12. Ne5 Be7 13. Qg4 O-O 14. Rd1) 11... Qxd5 12. O-O e6 13. Re1 Nc6 14. Bf4 Be7 15. Rc1 O-O 16. a3 Rfd8 17. Be3 Qb5 18. Qd2 Rd5 19. h3 Rad8 20. Qc2 Bf6 21. Red1 h6 (21... Bxd4 $2 22. Nxd4 (22. Rxd4 Nxd4 23. Nxd4 Qd7 $14) 22... Nxd4 23. Rxd4 $18) (21... Nxd4 22. Rxd4 Bxd4 23. Nxd4 $14 (23. Bxd4 f6 $14)) 22. Qb1 Qb3 ({Stronger than} 22... Nxd4 23. Rxd4 Bxd4 24. Nxd4 $14 (24. Bxd4 Qd7 $14)) ({Avoid the trap} 22... Bxd4 $2 23. Nxd4 (23. Rxd4 Nxd4 24. Nxd4 Qd7 $14) 23... Qa4 24. Nc2 $18) (22... g5 $17 {[%cal Rf6d4]} 23. Re1 a5) 23. Rc3 Qa4 24. Qc1 e5 25. Rc4 Qb5 {[%cal Re5d4]} 26. Rc5 $2 {[#]} (26. a4 $17 Qb6 27. Qb1) 26... Rxc5 $2 (26... Qxc5 $1 $19 {[%mdl 512]} 27. Qxc5 Rxc5 28. dxc5 Rxd1+ 29. Kh2 Rb1) 27. dxc5 $15 Rxd1+ 28. Qxd1 Qxb2 29. Qd7 Be7 30. g3 Bf8 31. Nh4 (31. Kh2 $17 {was necessary.}) 31... Nd4 32. Bxd4 Qxd4 $2 (32... exd4 $19 33. Nf3 Bxc5) 33. Qxb7 $17 {c6 is the strong threat.} Qxc5 34. a4 a5 (34... Qc1+ $17 35. Kg2 Qc4) 35. Kg2 (35. Nf3 $1 $15) 35... Qc4 36. Qd7 e4 (36... Qe4+ $1 $17 37. Nf3 Qa8) 37. Nf5 $1 $15 g6 (37... Qd3 $1 $15 38. Qxd3 exd3) 38. Ne3 $1 $11 {[%cal Re3c4]} Qb4 39. Nd5 Qc4 40. Nf6+ Kg7 41. Ne8+ Kh8 42. Nf6 {[#]} Qb4 $2 {[%mdl 8192]} (42... e3 $1 $11 {[%mdl 512]} 43. Qd8 (43. fxe3 Qe2+) 43... Qc6+ 44. Kf1 Qd6 45. Qxd6 Bxd6) 43. Qc8 $2 (43. Qxf7 {mates} Qxa4 44. Qxf8#) 43... Qe7 44. Nd5 Qc5 45. Qd8 Kg7 46. Nf6 (46. Qf6+ $11 {remains equal.} Kg8 47. Qe5) 46... Be7 $17 47. Ne8+ $2 (47. Nxe4 $17 {was the only defense.} Qxf2+ 48. Kxf2 Bxd8 49. g4) 47... Kf8 $19 48. Qa8 {[#]} e3 $1 49. fxe3 Qxe3 50. Nf6+ Kg7 51. Ne8+ Kh7 52. Qd5 {[#]} Qe2+ $2 (52... Kg8 $1 $19 {is more deadly. Threatens to win with ...Qe2+.} 53. h4 Bc5) 53. Kh1 $2 (53. Kg1 $17 {was forced.} Qe3+ 54. Kg2) 53... Kg8 $2 (53... Qf1+ $19 {and Black stays clearly on top.} 54. Kh2 Qf2+ 55. Qg2 Qd4) 54. Nc7 $2 {[%mdl 8192]} (54. Qd4 $17 {nothing else works.} Qf3+ 55. Kh2) 54... Qf1+ 55. Kh2 Qf2+ 56. Kh1 (56. Qg2 $142 Qd4 57. Nd5) 56... Qxg3 {[%mdl 64] Double Attack} 57. Nb5 Bg5 58. Nd6 Qxh3+ 59. Kg1 Be3# {Both players deserved the win here. Accuracy: White = 47%, Black = 64%.} 0-1

[Event "47th GER-ch Blitz 2020"]
[Site "Magdeburg"]
[Date "2020.08.15"]
[Round "16.10"]
[White "Langrock, Hannes"]
[Black "Koch, Thomas"]
[Result "1/2-1/2"]
[WhiteElo "2346"]
[BlackElo "2461"]
[Annotator "TA"]
[PlyCount "134"]
[EventDate "2020.07.28"]
[EventType "tourn"]
[EventCountry "GER"]
[SourceTitle "playchess.com"]
[Source "ChessBase"]
[SourceQuality "1"]

{[%evp 14,134,41,48,42,48,68,24,29,26,38,23,23,19,19,25,50,50,43,49,75,58,66,27,30,-14,-16,-18,22,0,17,0,0,-10,-10,-10,-12,-25,0,0,0,0,0,0,0,0,0,-18,0,0,0,0,0,0,48,0,0,0,0,0,0,-8,-8,-58,-8,-9,-8,-50,-47,-231,-252,-230,-207,-207,-112,-482,-465,-614,-359,-475,-475,-466,-454,-447,-347,-330,-297,-262,0,-275,0,-180,0,-175,-175,-175,-172,-308,-108,-123,-111,-127,-15,-29,-8,-8,-8,-15,-8,-8,-8,-8,-8,-8,0,-8,0,-8,-8,-8,-8,-8,-8]} 1. d4 Nf6 2. c4 e6 3. g3 Bb4+ 4. Bd2 Qe7 5. Bg2 Nc6 6. Nf3 O-O 7. Nc3 d6 8. O-O Bxc3 {E11: Bogo-Indian.} 9. Bxc3 e5 10. dxe5 dxe5 {White has an edge.} 11. Qc2 a5 12. b3 {[#]} Re8 $146 ({Predecessor:} 12... Ng4 13. h3 Nh6 14. Rad1 Nf5 15. e3 Nd6 16. Qb2 f6 17. Nd2 Bf5 18. e4 Be6 {½-½ (61) San Segundo Carrillo,P (2523)-Eingorn,V (2600) Bled 2002}) 13. h3 a4 14. Rfd1 axb3 15. axb3 Rxa1 16. Rxa1 Qc5 17. Rd1 h6 18. Qb2 Ne4 19. e3 (19. Be1 {is interesting.} Be6 20. Rc1 Nd6 21. e3 e4 22. Nd4) 19... Nxc3 20. Qxc3 Qe7 21. Rd2 Bf5 22. Kh2 Be4 23. Ne1 Bxg2 24. Kxg2 e4 25. Rd5 Ne5 26. Qd4 f5 27. c5 Kh7 28. b4 Qe6 (28... c6 $5 29. Rd6 $8 Ra8 $15) 29. b5 Re7 30. Rd8 Rd7 31. Rxd7 Nxd7 32. Nc2 Ne5 33. Qd8 c6 34. bxc6 (34. Nd4 {keeps more tension.} Qf7 35. bxc6 Nxc6 36. Qd6 Nb4 37. Kg1) 34... Nxc6 35. Qc7 (35. Qb6 {is more complex.} Qd7 36. h4 Qd1 37. Qxb7 Qf3+ 38. Kg1) 35... Qe7 36. Qxe7 Nxe7 $11 {[%mdl 4096] Endgame KN-KN} 37. f3 Kg6 38. g4 Kf6 39. gxf5 Kxf5 40. Kf2 Ke5 41. Nd4 $2 (41. f4+ $1 $15 Kd5 42. Nd4) 41... exf3 $19 42. Kxf3 Kd5 43. h4 g6 44. Kf4 $2 {[%mdl 8192]} (44. Nb3 $17 {was the crucial defense.}) 44... Kxc5 45. Ne6+ Kd6 46. Nd4 Kd5 47. Nb5 Nc6 48. e4+ Ke6 49. Nc3 Ne5 50. Nb5 {intending Nc7+.} Nc6 51. Nc3 b6 $2 ({Better is} 51... Kd6 $19 52. Ke3 Ne5) 52. Nb5 $2 (52. Nd5 $11 {and White stays safe.}) 52... Ne5 $2 (52... Ke7 $19 53. e5 Ke6 54. Nc7+ Kd7) 53. Nc3 $2 (53. Nc7+ $11 {and White is okay.} Kd7 54. Kxe5 Kxc7 55. Kf6) 53... Nd3+ 54. Ke3 {[#]} Nb4 $1 55. Kd4 (55. Kf4 $142) 55... Kd6 $2 (55... Nc2+ $19 56. Kd3 Ne1+ 57. Ke2 Ng2) 56. e5+ Ke6 57. Ke4 {[#]} Nc6 (57... Na6 $1 $17 {...Nc5+ is the strong threat.} 58. Kd4 Nb8) 58. Nd5 $11 Nxe5 {Hoping for ...Nc4.} 59. Nxb6 {The position is equal.} Nf7 60. Nc4 Nd6+ 61. Nxd6 Kxd6 {KPP-KP} 62. Kd4 Ke6 63. Ke4 Kd6 {Strongly threatening ...Ke6.} (63... Kf6 $5 {[%cal Rf6e6]} 64. Kf4 Ke6 $11) 64. Kd4 Ke6 (64... Kd7 $5 65. Kd3 $8 Ke7 $11) 65. Ke4 Kf6 {( -> ...Ke6)} (65... h5 $5) 66. Kf4 g5+ (66... Ke7 $5 67. Ke3 $8 h5 $11) 67. hxg5+ hxg5+ {Accuracy: White = 62%, Black = 71%.} 1/2-1/2

[Event "47th GER-ch Blitz 2020"]
[Site "Magdeburg"]
[Date "2020.08.15"]
[Round "16.11"]
[White "Siebrecht, Sebastian"]
[Black "Meier, Georg"]
[Result "0-1"]
[WhiteElo "2429"]
[BlackElo "2621"]
[Annotator "TA"]
[PlyCount "64"]
[EventDate "2020.07.28"]
[EventType "tourn"]
[EventCountry "GER"]
[SourceTitle "playchess.com"]
[Source "ChessBase"]
[SourceQuality "1"]

{[%evp 10,64,16,-6,28,2,0,-20,-13,-25,0,-23,-17,-96,-92,-145,-156,-217,-201,-206,-185,-244,-138,-141,-133,-137,-133,-118,-124,-110,-104,-100,-77,-99,-99,-99,-101,-93,-86,-115,-106,-116,-114,-135,-138,-161,-105,-123,-124,-253,-183,-486,-483,-470,-441,-604,-597]} 1. d4 e6 2. Nf3 Nf6 3. c4 Bb4+ 4. Bd2 Bxd2+ 5. Nbxd2 d6 6. e4 Nc6 {E11: Bogo-Indian.} 7. d5 Ne7 8. dxe6 Bxe6 {The position is equal.} 9. Nd4 {[#]} c5 $146 ({Predecessor:} 9... Bd7 10. Be2 Ng6 11. O-O O-O 12. Re1 Re8 13. Bf3 Qe7 14. e5 dxe5 15. Bxb7 Rab8 {0-1 (30) Laurent,J (2179)-Pietrasanta,J (2199) Bois Colombes 2003}) 10. Nxe6 fxe6 11. e5 (11. g3 $11 {remains equal.}) 11... dxe5 $17 12. Qa4+ {[#]} (12. Qc2 $142) 12... Nc6 $1 13. O-O-O (13. Qa3 $17) 13... O-O 14. Ne4 Qe7 15. Nxf6+ (15. Bd3 $142) 15... gxf6 (15... Qxf6 $19 16. f3 {[#]} e4 $1 {[%mdl 512]} 17. fxe4 Rad8) 16. g3 Nd4 17. Bg2 Rfd8 18. Kb1 Rd6 19. Qa3 Ra6 20. Qe3 Rd8 21. f4 exf4 22. gxf4 Rad6 23. Be4 Kh8 24. Qf2 f5 25. Bg2 b6 26. Rhe1 Qf6 27. a3 Qh6 (27... Nb3 $19 28. Qc2 Rxd1+ 29. Rxd1 Rxd1+ 30. Qxd1 Nd4) 28. Bh1 Rg8 29. Re5 {This move loses the game for White.} (29. Rg1 $17 {keeps fighting.}) 29... Rd7 30. Rg1 $2 (30. Ka2 {is more resistant.}) 30... Rxg1+ $19 {Black is clearly winning.} 31. Qxg1 Qxf4 32. Re1 Rg7 {Accuracy: White = 52%, Black = 76%.} 0-1

[Event "47th GER-ch Blitz 2020"]
[Site "Magdeburg"]
[Date "2020.08.15"]
[Round "16.12"]
[White "Braun, Georg"]
[Black "Frischmann, Rick"]
[Result "0-1"]
[WhiteElo "2360"]
[BlackElo "2347"]
[Annotator "TA"]
[PlyCount "66"]
[EventDate "2020.07.28"]
[EventType "tourn"]
[EventCountry "GER"]
[SourceTitle "playchess.com"]
[Source "ChessBase"]
[SourceQuality "1"]

{[%evp 9,66,49,64,37,18,-11,-8,-14,0,-22,-17,-82,-36,-25,-26,-129,-55,-65,15,41,103,117,82,90,100,-193,-166,-171,-172,-423,-82,-117,-111,-87,0,0,247,238,616,617,620,612,565,136,135,136,145,151,143,28,53,8,16,0,0,-485,0,-29981,-29982]} 1. e4 d5 2. exd5 Qxd5 3. Nc3 Qd6 4. d4 Nf6 5. Nf3 Nc6 6. Bb5 {B01: Scandinavian Defence.} a6 7. Ba4 b5 8. Bb3 {The position is equal.} Na5 {[#]} 9. Qe2 $146 ({Predecessor:} 9. O-O Bb7 10. Ne5 Nxb3 11. axb3 Rd8 12. Be3 c5 13. Nf3 Ng4 14. d5 Nxe3 15. fxe3 {0-1 (40) Kozyris,I (1708)-Froewis,G (2442) Hersonissos 2019}) 9... Bb7 10. Ne5 (10. O-O $11) 10... e6 11. O-O Be7 12. Bf4 (12. Rd1 $1 $11 {keeps the balance.}) 12... Nxb3 ({Black should play} 12... Qxd4 $17 13. Bg5 Qc5) 13. axb3 $15 Qxd4 {[#]} (13... b4 $1 $15 14. Nd1 (14. Nb5 Qb6 $17) 14... Qxd4) 14. Nxb5 $1 $11 {[%mdl 512]} Qxf4 (14... Qb6 $14 15. Nc3 O-O) (14... axb5 15. Qxb5+) 15. Nxc7+ $16 Kf8 {And now ...Rc8 would win.} 16. Nxa8 {Threatens to win with Ra4.} ({Much weaker is} 16. g3 Qd4 $15) 16... Bd6 17. Nb6 $2 {[%mdl 8192]} (17. Ra5 $1 $16 {keeps the pressure on.}) 17... Bxe5 $19 {[%csl Ge5][%cal Rf4h2]} 18. g3 {[#]} Qf5 $1 19. Nc4 $2 {[#]} (19. Rfd1 Bc7 20. Nd7+ Ke7 21. Nxf6 Kxf6 22. Rd7) 19... Qh3 $2 (19... Bd4 $1 $19 {has better winning chances. ( -> ...Qd5)} 20. Nd6 Qh3 21. Nxb7 Ng4 22. Qxg4 Qxg4) 20. f3 $17 Bd4+ 21. Kh1 Ng4 (21... Ke7 $17 22. c3 Ba7) 22. Rad1 $1 $36 {[%cal Rd1d4][%mdl 2048] White fights for an advantage.} e5 $2 (22... Ke7 $11 23. Nd6 (23. Rxd4 Nxh2 24. Qg2 Qxg2+ 25. Kxg2 Nxf1 $17) 23... Nf2+ 24. Rxf2 Bxf2) 23. c3 $18 Bf2 $2 (23... Qh5) 24. Rxf2 Nxf2+ 25. Qxf2 {Intending Qc5+ and mate.} g6 26. Rd8+ $2 (26. Qc5+ $18 Kg7 27. Qxe5+ Kh6 28. Qf4+ Kg7 29. Qd4+ Kh6 30. Ne5) 26... Kg7 $16 27. Rxh8 Kxh8 28. Kg1 Qf5 29. Nd2 ({White should try} 29. Nd6 $16 Qd7 30. Qb6 Bxf3 31. Qb8+ (31. Qxa6 Kg7 $14) 31... Kg7 32. Ne8+ {[%mdl 64] Discovered Attack} Kh6 33. Qxe5) 29... Qd3 30. b4 h5 31. h4 Kh7 32. Nb3 $2 {[%mdl 8192]} (32. c4 $11 {and White is okay.}) 32... Bxf3 $2 (32... Qd1+ $19 33. Kg2 Qxb3) 33. Kh2 $2 {[%mdl 8192]} (33. Nc5 $11 Qf5 34. Nd7) 33... Qd1 {Accuracy: White = 42%, Black = 48%.} 0-1